Statistics for Great Movies with One-Word Titles

Click here to take the quiz!

General Stats

  • This quiz has been taken 3,813 times
    (3,751 since last reset)
  • The average score is 9 of 20

Answer Stats

HintYear of ReleaseAnswer% Correct
Lonely robot help floating fatties.2008WALL-E
84%
There's been 2 recent movies about this ex-US President. This is the one without the vampires.2012Lincoln
73%
Aussie film about a sheep-herding pig.1995Babe
72%
"...when you get the money, you get the power. Then when you get the power, then you get the women." Pacino.1983Scarface
66%
Daniel Craig vs. Javier Bardem. Bond film sadly minus the usual hot babes.2012Skyfall
59%
A man with no short-term memory tries to find his wife's killer.2000Memento
56%
Neurotic geek and twinky-obsessed tough-guy team up to fight zombies.2009Zombieland
56%
Basically an animated re-make of Chinatown. Johnny Depp is a dillusional chameleon.2011Rango
55%
Classy vampire flick. Apparently Gary Oldman completely terrified Winona Ryder during the making of the film.1992Dracula
51%
Writer held captive by his bonkers-crazy 'no.1 fan'.1990Misery
46%
"It's that damn Hansel. He's so hot right now." Dopey model, turned assassin.2001Zoolander
43%
Mischievous French cutie secretly helps people.1999Amélie
42%
Romans vs. Slaves. Early Kubrick.1960Spartacus
37%
Pregnant copper hunts down lethal kidnappers.1996Fargo
35%
Black comedy about a school election starring a wonderfully evil Reese Witherspoon.1999Election
28%
Terrific Korean revenge thriller featuring a guy eating a live octopus (and no CGI or condiments either).2003Oldboy
22%
Jimmy Stewart's best friend is a 6ft tall invisible rabbit.1950Harvey
20%
Crazy Aussie guy plays the piano really well.1996Shine
14%
'Unfilmable' super-hero epic. For a Comedian... he wasn't very funny.2009Watchmen
14%
Eccentric people in a Berlin nightclub during the rise of the Nazis.1972Cabaret
12%

Score Distribution

Percentile by Number Answered

Percent of People with Each Score

Your Score History

You have not taken this quiz since the last reset